Diseę y administre su propia empresa Proyectǹdola a los TLC de Estados Unidos, Suiza y Canad ̀/

Detalles Bibliográficos
Autor principal: Van den Berghe, Édgar
Formato: eBook
Lenguaje:español
Publicado: Bogot:̀ ECOE, 2015
Materias:
Acceso en línea:Acceso restringido

MARC

LEADER 00000nam a22000007a 4500
005 20220214224814.0
007 cr|||| |||
008 220214s2015 co |||||s|||| 00||0 spa d
020 |a 978-958-771-274-2 
035 |a 35806 
040 |a vLex 
090 |c 12993  |d 12993 
100 1 |a Van den Berghe, Édgar 
245 1 0 |a Diseę y administre su propia empresa  |h [Recurso electrn̤ico] :  |b Proyectǹdola a los TLC de Estados Unidos, Suiza y Canad ̀/  |c Édgar Van den Berghe 
256 |a Servicio en ln̕ea 
260 |a Bogot:̀  |b ECOE,  |c 2015 
300 |a 1 recurso electrn̤ico 
500 |a Una de las soluciones para lograr mayor desarrollo econm̤ico en un pas̕ es despertar el sentido de emprendimiento. Este libro le indica de manera clara y sencilla la forma como se debe crear y administrar una empresa, proyectǹdola hacia las exportaciones, especialmente a Estados Unidos, Suiza y Canad;̀ pas̕es con los que Colombia firm ̤los primeros Tratados de Libre Comercio. Todos los capt̕ulos incluyen casos de pequeǫs empresarios de diversos pas̕es que han sobresalido, algunos partiendo de cero otros venciendo los avatares del destino, pero que con gran tesn̤ han salido avante en su empeǫ de ser empresarios exitosos. Al final de cada capt̕ulo se incluyen casos de anl̀isis y estudio de empresas reales. Cada capt̕ulo incluye una gua̕ para que el lector la aplique en la creacin̤ de su propia empresa, as,̕ al finalizar la lectura tendr ̀su proyecto terminado, listo para la ejecucin̤ y puesta en marcha. El libro contiene en un complemento virtual, el ejemplo de la creacin̤ y promocin̤ de una empresa de ecoturismo en Colombia que puede aplicarse a cualquier pas̕ del mundo. 
506 1 |a Disponible solo en los productos indicados  |d vLex Global  |d vLex Global (Academic Edition, excluding Law Schools)  |d vLex Global (U.S. Academic Edition, Law Schools)  |d vLex Global (U.S. Academic Edition, excluding Law Schools)  |d vLex Global (Academic Edition, Law Schools) 
650 0 4 |a Economa̕ y negocios  |z Colombia 
740 0 |a vLex Libros (Servicio en ln̕ea) 
856 4 0 |u https://app.vlex.com/#/sources/35806  |z Acceso restringido 
942 |c BOOK 
999 0 |a Economy and business